Juan Sebastián de Elcano (Record no. 171467)

MARC details
000 -LEADER
campo de control de longitud fija 00848nam a2200229 i 4500
001 - NÚMERO DE CONTROL
campo de control 171467
003 - IDENTIFICADOR DE NÚMERO DE CONTROL
campo de control ES-MaACL
005 - FECHA Y HORA DE LA ÚLTIMA TRANSACCIÓN
campo de control 20250829055122.0
008 - DATOS DE LONGITUD FIJA--INFORMACIÓN GENERAL
campo de control de longitud fija 090518s1962 sp af |||| |bspa d
080 ## - NÚMERO DE LA CLASIFICACIÓN DECIMAL UNIVERSAL
Número de la Clasificación Decimal Universal 910.41
080 ## - NÚMERO DE LA CLASIFICACIÓN DECIMAL UNIVERSAL
Número de la Clasificación Decimal Universal 929 Elcano, Juan Sebastián de
100 1# - ENTRADA PRINCIPAL--NOMBRE DE PERSONA
Nombre de persona Solá, Víctor María de.
9 (RLIN) 140186
245 10 - MENCIÓN DEL TÍTULO
Título Juan Sebastián de Elcano
Resto del título : ensayo biográfico /
Mención de responsabilidad, etc. Víctor María Solá ; prólogo... Salvador Moreno Fernández.
260 ## - PUBLICACIÓN, DISTRIBUCIÓN, ETC.
Lugar de publicación, distribución, etc. [Bilbao] :
Nombre del editor, distribuidor, etc. Caja de Ahorros Vizcaina,
Fecha de publicación, distribución, etc. [1962]
300 ## - DESCRIPCIÓN FÍSICA
Extensión 646 p., 22 lám. :
Otras características físicas il. ;
Dimensiones 21 cm.
600 14 - PUNTO DE ACCESO ADICIONAL DE MATERIA--NOMBRE DE PERSONA
Nombre de persona Elcano, Juan Sebastián de,
Fechas asociadas al nombre ca. 1476-1526
9 (RLIN) 126923
650 14 - PUNTO DE ACCESO ADICIONAL DE MATERIA--TÉRMINO DE MATERIA
Término de materia o nombre geográfico como elemento de entrada Viajes alrededor del mundo-
Subdivisión cronológica S.XVI.
9 (RLIN) 17781
700 1# - ENTRADA AGREGADA--NOMBRE PERSONAL
Nombre de persona Moreno Fernández, Salvador.
9 (RLIN) 140188
710 2# - ENTRADA AGREGADA--NOMBRE DE ENTIDAD CORPORATIVA
Nombre de entidad corporativa o nombre de jurisdicción como elemento de entrada Caja de Ahorros Vizcaína.
9 (RLIN) 2316
852 ## - LOCALIZACIÓN
Ubicación ES-MaACL
Número de control de estantería C-22378
Holdings
Estatus retirado Estado de pérdida Estado de daño No para préstamo Biblioteca de origen Biblioteca actual Ubicación en estantería Fecha de adquisición Fuente de adquisición Total de préstamos Signatura topográfica completa Código de barras Visto por última vez Precio de reemplazo Tipo de ítem Koha
        Biblioteca del Ateneo de Madrid Biblioteca del Ateneo de Madrid Galería 18/05/2009     C-22378 1179942 23/02/2023 23/02/2023 Libro impreso